F1 Podiums 2015 - Statistics

General Stats
  • This quiz has been taken 601 times
  • The average score is 9 of 10
Answer Stats
1st % Correct
Lewis Hamilton
100%
Sebastian Vettel
99%
Nico Rosberg
98%
Kimi Raikkonen
94%
Daniel Ricciardo
93%
Valtteri Bottas
85%
Sergio Perez
81%
Felipe Massa
79%
Daniil Kvyat
77%
Romain Grosjean
63%
No matching quizzes found
Score Distribution
Percent of People with Each Score
Percentile by Number Answered
Your Score History
You have not taken this quiz